Steden van Overijssel - Statistics

General Stats
  • This quiz has been taken 39 times
  • The average score is 10 of 20
Answers on the Map
Answers color-coded by a green-red scale on the quiz's map according to % correct below.
 
Answer Stats
answer % Correct
Zwolle
100%
Almelo
94%
Enschede
94%
Kampen
94%
Deventer
85%
Hardenberg
74%
Oldenzaal
71%
Ommen
65%
Steenwijk
62%
Rijssen
50%
Genemuiden
47%
Hasselt
41%
Delden
32%
Goor
32%
Ootmarsum
32%
Vollenhove
21%
Gramsbergen
18%
Grafhorst
12%
Wilsum
12%
Blokzijl
9%
No matching quizzes found
Score Distribution
Percent of People with Each Score
Percentile by Number Answered
Your Score History
You have not taken this quiz